000 01028nam a2200265 i 4500
001 105046
003 ES-MaACL
005 20250801063031.0
007 t|
008 060607s1996 fr |||| |dfre d
020 _a2-204-05353-8
080 _a929 Casas, Bartolomé de las
080 _a98(=60)"1492/1600"
100 1 _aCasas, Bartolomé de las,
_d1474-1566
_9140251
245 1 4 _aUne plume áa la force d'un glaive
_b: lettres choisies /
_cBartolomé de las Casas ; traduction, commentaires et notes par Charles Gillen.
260 _aParis :
_bLes Editions du Cerf,
_c1996.
300 _a412 p. ;
_c20 cm.
490 1 _aSagesses chrétiennes
600 1 4 _aCasas, Bartolomé de las,
_d1474-1566-
_vCorrespondencia
_936187
651 4 _aAmérica española-
_xHistoria-
_y1492-1600 (Descubrimiento y conquista)
_97724
700 1 _aGuillen, Charles.
_960761
830 0 _aSagesses chrétiennes
_9232682
852 _aES-MaACL
_jE-11264
_z. - Biblioteca Jacinto Martínez Lacalle
999 _c105046
_d105046